000 00592nam a2200241Ia 4500
005 20250425162223.0
008 250425s9999 xx 000 0 und d
020 _a9284406927
041 _afre
043 _asp
082 _a338.4791
110 _aORGANIZACION MUNDIAL DEL TURISMO
245 0 _aCHANGEMENT CLIMATIQUE ET TOURISME
250 _a1ST ED.
260 _aEspaƱa
_bORGANIZACION MUNDIAL DEL TURISMO
_c2003
260 _aMADRID
300 _a60
650 _aCAMBIO CLIMATICO
650 _aTURISMO
650 _aTURISMO SOSTENIBLE
942 _c01
010 _a57760
999 _c224797
_d224797